Manual de psicología general./ (Registro nro. 1878)
[ vista simple ]
| 000 -LEADER | |
|---|---|
| campo de control de longitud fija | 00779nam a22002657a 4500 |
| 005 - FECHA Y HORA DE LA ÚLTIMA TRANSACCIÓN | |
| campo de control | 20230705015930.0 |
| 007 - CAMPO FIJO DE DESCRIPCIÓN FÍSICA--INFORMACIÓN GENERAL | |
| campo de control de longitud fija | ta |
| 008 - DATOS DE LONGITUD FIJA--INFORMACIÓN GENERAL | |
| campo de control de longitud fija | 230705b |||||||| |||| 00| 0 sp d |
| 040 ## - FUENTE DE CATALOGACIÓN | |
| Centro catalogador/agencia de origen | CUNOROC |
| Lengua de catalogación | spa |
| Centro/agencia transcriptor | CUNOROC |
| Centro/agencia modificador | CUNOROC |
| 041 ## - CÓDIGO DE IDIOMA | |
| Código de lengua del texto/banda sonora o título independiente | spa |
| Código de idioma del material acompañante/anexo si no son libretos y transcripciones | spa |
| Código de lengua original | spa |
| 082 ## - NÚMERO DE LA CLASIFICACIÓN DECIMAL DEWEY | |
| Número de clasificación | CG 150 M671 C1 |
| 100 10 - ENTRADA PRINCIPAL--NOMBRE DE PERSONA | |
| Nombre de persona | Mira y López, Emilio. |
| Término indicativo de función/relación | Autor |
| 9 (RLIN) | 5467 |
| 245 10 - MENCIÓN DEL TÍTULO | |
| Título | Manual de psicología general./ |
| Mención de responsabilidad, etc. | Emilio Mira y López |
| 260 ## - PUBLICACIÓN, DISTRIBUCIÓN, ETC. | |
| Lugar de publicación, distribución, etc. | Argentina: |
| Nombre del editor, distribuidor, etc. | Kapeluz, S.A. |
| Fecha de publicación, distribución, etc. | c1969. |
| 300 ## - DESCRIPCIÓN FÍSICA | |
| Extensión | 299 p.: |
| Dimensiones | 25 cm. |
| 650 ## - PUNTO DE ACCESO ADICIONAL DE MATERIA--TÉRMINO DE MATERIA | |
| Término de materia o nombre geográfico como elemento de entrada | Psicología |
| 9 (RLIN) | 209 |
| 650 ## - PUNTO DE ACCESO ADICIONAL DE MATERIA--TÉRMINO DE MATERIA | |
| Término de materia o nombre geográfico como elemento de entrada | Métodos psicológicos |
| 9 (RLIN) | 5468 |
| 650 ## - PUNTO DE ACCESO ADICIONAL DE MATERIA--TÉRMINO DE MATERIA | |
| Término de materia o nombre geográfico como elemento de entrada | Aprendizaje |
| 9 (RLIN) | 2525 |
| 650 ## - PUNTO DE ACCESO ADICIONAL DE MATERIA--TÉRMINO DE MATERIA | |
| Término de materia o nombre geográfico como elemento de entrada | Dinámica del aprendizaje |
| 9 (RLIN) | 5469 |
| 650 ## - PUNTO DE ACCESO ADICIONAL DE MATERIA--TÉRMINO DE MATERIA | |
| Término de materia o nombre geográfico como elemento de entrada | Realidad |
| 9 (RLIN) | 3677 |
| 650 ## - PUNTO DE ACCESO ADICIONAL DE MATERIA--TÉRMINO DE MATERIA | |
| Término de materia o nombre geográfico como elemento de entrada | Pensamiento |
| 9 (RLIN) | 2149 |
| 650 ## - PUNTO DE ACCESO ADICIONAL DE MATERIA--TÉRMINO DE MATERIA | |
| Término de materia o nombre geográfico como elemento de entrada | Inteligencia |
| 9 (RLIN) | 4836 |
| 942 ## - ELEMENTOS DE ENTRADA SECUNDARIOS (KOHA) | |
| Tipo de ítem Koha | Libros |
| Fuente del sistema de clasificación o colocación | Clasificación Decimal Dewey |
| Suprimir en OPAC | No |
| Estatus retirado | Estado de pérdida | Fuente del sistema de clasificación o colocación | Estado de daño | No para préstamo | Código de colección | Biblioteca de origen | Biblioteca actual | Ubicación en estantería | Fecha de adquisición | Número de inventario | Total de préstamos | Signatura topográfica completa | Visto por última vez | Copia número | Precio de reemplazo | Tipo de ítem Koha | Nota pública |
|---|---|---|---|---|---|---|---|---|---|---|---|---|---|---|---|---|---|
| Clasificación Decimal Dewey | No ficción | Biblioteca Victor Manuel Calderón Saenz. del Centro Universitario Huehuetenango | Biblioteca Victor Manuel Calderón Saenz. del Centro Universitario Huehuetenango | Colección general | 04/07/2023 | 25-H-2848-89 | CG 150 M671 C1 | 05/07/2023 | 1 | 05/07/2023 | Libros | Disponible | |||||
| Clasificación Decimal Dewey | No ficción | Biblioteca Victor Manuel Calderón Saenz. del Centro Universitario Huehuetenango | Biblioteca Victor Manuel Calderón Saenz. del Centro Universitario Huehuetenango | Colección general | 04/07/2023 | 25-H-2847-89 | CG 150 M671 C2 | 05/07/2023 | 2 | 05/07/2023 | Libros | Disponible |

